000 00785nam a22002417a 4500
003 UA-OsUOA
001 54353
007 ta
008 20170905b un ||||| |||| 00| 0 ukr d
100 _aДемченко Т.
090 _a929
_bД31
942 _cBK
040 _aUA-OsUOA
_bukr
_cUA-OsUOA
_dUA-OsUOA
245 _aЗдобуття Батьківщини: Життя та творчість Євгена Онацького
300 _a184 с.
955 _a1
041 _aukr
080 _a929
260 _aЧернігів
_bПП "Освітній центр"
_c2016
650 7 _a9 Географія. Біографії. Історія
_2UDC
999 _c434471
_d434471